College algebra. Chapter 2, Equations. Equations with absolute value. Introduction /

Equations, Equations with Absolute Value, Explanation and Examples.

Bibliographic Details
Format: Video
Language:English
Language Notes:In English.
Published: Kitchener, ON : Easy Education, 2015.
Series:Academic Video Online
Subjects:
Online Access:Connect to this streaming video (Alexander Street Press)

MARC

Tag First Indicator Second Indicator Subfields
LEADER 00000cgm a2200000 i 4500
001 in00005570713
006 m o c
007 cr |n||||||||a
007 vz |za|z|
008 190510s2015 onc007 e o vueng d
005 20241201231946.5
035 |a (OCoLC)on1103998032 
040 |a ALSTP  |b eng  |e rda  |c ALSTP  |d OCLCO  |d OCLCF  |d OCLCA  |d OCLCO  |d OCLCQ  |d DXU 
019 |a 1373444913  |a 1444015080 
035 |a (OCoLC)1103998032  |z (OCoLC)1373444913  |z (OCoLC)1444015080 
049 |a TXAM 
245 0 0 |a College algebra.  |n Chapter 2,  |p Equations.  |p Equations with absolute value.  |p Introduction /  |c [produced by Easy Education]. 
246 3 3 |a Absolute value (of a number) 
264 1 |a Kitchener, ON :  |b Easy Education,  |c 2015. 
300 |a 1 online resource (7 minutes) 
306 |a 000648 
336 |a two-dimensional moving image  |b tdi  |2 rdacontent 
337 |a computer  |b c  |2 rdamedia 
337 |a video  |b v  |2 rdamedia 
338 |a online resource  |b cr  |2 rdacarrier 
347 |a video file  |2 rda 
490 0 |a Academic Video Online 
500 |a Title from resource description page (viewed May 10, 2019). 
520 |a Equations, Equations with Absolute Value, Explanation and Examples. 
546 |a In English. 
650 0 |a Algebra  |x Study and teaching (Higher) 
650 0 |a Equations  |x Study and teaching (Higher) 
650 7 |a Algebra  |x Study and teaching (Higher)  |2 fast  |0 (OCoLC)fst00804910 
655 7 |a Film excerpts.  |2 fast  |0 (OCoLC)fst01726130 
655 7 |a Instructional films.  |2 fast  |0 (OCoLC)fst01726236 
655 7 |a Instructional films.  |2 lcgft 
655 7 |a Film excerpts.  |2 lcgft 
655 7 |a Films de formation.  |2 rvmgf 
710 2 |a Easy Education,  |e production company. 
856 4 0 |u http://proxy.library.tamu.edu/login?url=https://www.aspresolver.com/aspresolver.asp?MARC;4066655  |z Connect to this streaming video (Alexander Street Press)  |t 0 
955 |a Alexander Street Press subscription streaming video 
994 |a 92  |b TXA 
999 f f |s 5ba84cff-5e6e-43fd-8c1f-74cf04641313  |i 1d80b3c3-7315-440e-88f1-7e5ccd7dff39  |t 0 
952 f f |a Texas A&M University  |b College Station  |c Electronic Resources  |d Available Online  |t 0  |h Library of Congress classification 
998 f f |t 0  |l Available Online